Red Velvet In Every MV - Statistics

General Stats
  • This quiz has been taken 89 times
  • The average score is 20 of 23
Answer Stats
Picture Answer % Correct
Russian Roulette
99%
Peek-A-Boo
97%
Psycho
97%
Dumb Dumb
95%
Happiness
95%
Feel My Rhythm
92%
Power Up
92%
Really Bad Boy (RBB)
91%
Bad Boy
89%
Ice Cream Cake
88%
Red Flavor
87%
Zimzalabim
87%
Cosmic
85%
Queendom
85%
Rookie
84%
Automatic
83%
Birthday
83%
Chill Kill
83%
One Of These Nights
77%
Umpah Umpah
76%
Wildside
75%
#Cookie Jar
61%
Sappy
61%
No matching quizzes found
Score Distribution
Percent of People with Each Score
Percentile by Number Answered
Your Score History
You have not taken this quiz